| 000 | 00372 a2200169 4500 | ||
|---|---|---|---|
| 001 | 71735 | ||
| 020 | _a9788508085859 | ||
| 040 | _cAnchieta - Colégio São Paulo | ||
| 100 | _aDias, Jamiris J. | ||
| 240 | 1 | 0 |
_aNós e os outros _lpor |
| 245 | 1 | 0 | _aNós e os outros |
| 300 | _a120 | ||
| 362 | 0 | _a2008 | |
| 440 | 1 | _aÁtica | |
| 650 | 4 | _aLiteratura juvenil | |
| 942 | _cBK | ||
| 999 |
_c71735 _d71735 |
||